MARC

LEADER 00000nam0a2200000 4500
001 30708
005 20231030204108.0
010 |a 5060035840 
035 |a (RuTPU)RU\TPU\book\30982 
035 |a BOOK00031059 
090 |a 30708 
100 |a 20011209d1998 m y0rusy50 ca 
101 0 |a rus 
102 |a RU 
105 |a a j 000zy 
200 1 |a Высшая математика  |e учебник для вузов  |f В. С. Шипачев 
205 |a 4-е изд., стер. 
210 |a Москва  |c Высшая школа  |d 1998 
215 |a 479 с.  |c ил. 
451 1 |0 (RuTPU)RU\TPU\book\30609  |y 5-06-003959-5  |t Высшая математика  |o учебник для вузов  |f В. С. Шипачев  |e 5-е изд., стер.  |c М.  |n Высшая школа  |d 2001  |p 480 с.  |a Шипачев, Виктор Семенович 
451 1 |0 (RuTPU)RU\TPU\book\4197  |y 5060034054  |t Высшая математика  |o учебник для вузов  |f В. С. Шипачев  |e 3-е изд., стер.  |c М.  |n Высшая школа  |d 1996  |p 479 с.  |a Шипачев, Виктор Семенович 
610 1 |a математика 
610 1 |a множества 
610 1 |a вещественные числа 
610 1 |a пределы 
610 1 |a аналитическая геометрия 
610 1 |a дифференциальное исчисление 
610 1 |a интегральное исчисление 
610 1 |a ряды 
610 1 |a теория 
610 1 |a учебники 
675 |a 51(075.8)  |v 3 
700 1 |a Шипачев  |b В. С.  |g Виктор Семенович 
801 0 |a RU  |b 63413507  |c 20011209  |g PSBO 
801 2 |a RU  |b 63413507  |c 20070725  |g PSBO 
900 |a Высшая математика 
900 |a Дифференциальное исчисление 
900 |a Аналитическая геометрия и линейная алгебра 
942 |c BK 
952 |a 510100  |b 010100